[Event "Alvise Zichichi mem 7th"]
[Site "Ladispoli"]
[Date "2009.09.27"]
[Round "8"]
[White "Placchetta, Omero"]
[Black "Gerlando, Onofrio"]
[Result "0-1"]
[WhiteElo "1719"]
[BlackElo "1627"]
[PlyCount "68"]
[EventDate "2009.09.19"]
[EventType "swiss"]
[EventRounds "8"]
[EventCountry "ITA"]
[SourceTitle "EXT 2012"]
[Source "ChessBase"]
[SourceDate "2011.11.24"]
[SourceVersion "1"]
[SourceVersionDate "2011.11.24"]
[SourceQuality "1"]

1. e4 e6 2. d4 d6 3. Nf3 Ne7 4. Nc3 Nd7 5. Bd3 g6 6. Bg5 Bg7 7. 0-0 a6 8. Re1 h6 9. Bd2 b6 10. e5 Bb7 11. Be4 d5 12. Bd3 0-0 13. g4 c5 14. dxc5 bxc5 15. g5 h5 16. Bf1 Bc6 17. Bg2 Qb8 18. Rb1 Nxe5 19. Bf4 Nxf3+ 20. Qxf3 Qb7 21. Qe2 Nf5 22. Be5 Nh4 23. Bxg7 Kxg7 24. Qe5+ Kg8 25. Qf4 Nxg2 26. Kxg2 d4+ 27. Ne4 Rad8 28. Kg1 Bxe4 29. Rxe4 Rd5 30. Qf6 Rf5 31. Rxe6 Rxf6 32. Rxf6 Re8 33. Rd6 Re2 34. b3 a5 0-1

[Event "Alvise Zichichi mem 7th"]
[Site "Ladispoli"]
[Date "2009.09.20"]
[Round "3"]
[White "Gerlando, Onofrio"]
[Black "Attanasi, Salvatore"]
[Result "0-1"]
[WhiteElo "1627"]
[BlackElo "1822"]
[PlyCount "162"]
[EventDate "2009.09.19"]
[EventType "swiss"]
[EventRounds "8"]
[EventCountry "ITA"]
[SourceTitle "EXT 2012"]
[Source "ChessBase"]
[SourceDate "2011.11.24"]
[SourceVersion "1"]
[SourceVersionDate "2011.11.24"]
[SourceQuality "1"]

1. d4 d5 2. Nf3 Nf6 3. Bf4 c6 4. h3 h6 5. Nbd2 Bf5 6. e3 e6 7. a3 Nbd7 8. b4 Be7 9. Be2 0-0 10. c4 Ne4 11. 0-0 Nc3 12. Qe1 Nxe2+ 13. Qxe2 Re8 14. c5 Nf6 15. Ra2 Ne4 16. Rc1 Nxd2 17. Rxd2 Be4 18. Ne1 Bf6 19. Rc3 Qd7 20. Qg4 Kh8 21. Be5 Bxe5 22. dxe5 Qe7 23. f3 Bg6 24. h4 Rad8 25. Rb3 Rd7 26. h5 Bh7 27. f4 Be4 28. Rdb2 f6 29. exf6 gxf6 30. Qe2 Rg8 31. b5 Qxc5 32. bxc6 bxc6 33. Rb8 Rdg7 34. Kf1 f5 35. R2b3 Qc1 36. Kf2 Kh7 37. R8b7 d4 38. exd4 Qxf4+ 39. Nf3 Qg3+ 40. Kf1 Bxf3 41. Rxf3 Qd6 42. Rxg7+ Rxg7 43. Qe5 Qxe5 44. dxe5 c5 45. Rc3 Rc7 46. Ke2 Kg8 47. Rg3+ Kh7 48. Kd2 c4 49. Kc3 Rc5 50. Kd4 Rd5+ 51. Kxc4 Rxe5 52. Kd4 Ra5 53. Kc4 e5 54. Kb4 Rd5 55. a4 e4 56. Rg6 Re5 57. Kc3 e3 58. Kd4 Re7 59. Rc6 e2 60. Rc1 e1Q 61. Rxe1 Rxe1 62. Kc5 Rg1 63. Kb5 Rxg2 64. Ka6 Ra2 65. Kxa7 Rxa4+ 66. Kb6 Rc4 67. Kb5 Rc1 68. Kb4 Kg7 69. Kb3 Kf6 70. Kb2 Rc8 71. Kb3 Ke5 72. Kb4 Kd5 73. Kb3 Kd4 74. Kb4 Rb8+ 75. Ka5 Kc4 76. Ka6 Kc5 77. Ka7 Rb1 78. Ka6 Rb2 79. Ka7 Kc6 80. Ka8 Kc7 81. Ka7 Ra2# 0-1

[Event "Rome Elo op 4th"]
[Site "Rome"]
[Date "2009.05.06"]
[Round "1"]
[White "Simeone, Giulio"]
[Black "Gerlando, Onofrio"]
[Result "1-0"]
[WhiteElo "1970"]
[BlackElo "1642"]
[PlyCount "113"]
[EventDate "2009.05.06"]
[EventType "swiss"]
[EventRounds "7"]
[EventCountry "ITA"]
[SourceTitle "EXT 2011"]
[Source "ChessBase"]
[SourceDate "2010.11.26"]
[SourceVersion "1"]
[SourceVersionDate "2010.11.26"]
[SourceQuality "1"]

1. c4 Nf6 2. Nc3 g6 3. e4 e5 4. Nf3 d6 5. d4 exd4 6. Nxd4 Bg7 7. Bg5 h6 8. Be3 Nbd7 9. Qd2 a6 10. Rd1 Ng4 11. Bf4 Qe7 12. f3 Ngf6 13. Bd3 Nh5 14. Nd5 Qd8 15. Be3 Qh4+ 16. Bf2 Qd8 17. Qa5 b6 18. Qa4 Bb7 19. 0-0 0-0 20. b4 Nhf6 21. Bh4 Bxd5 22. cxd5 Qc8 23. Bf2 Ne5 24. Nc6 Nxc6 25. Qxc6 Qd7 26. Rc1 Qxc6 27. Rxc6 Rfc8 28. Rfc1 Nd7 29. Rxc7 Rxc7 30. Rxc7 Ne5 31. Bf1 b5 32. h3 g5 33. Be2 Ng6 34. g3 Bb2 35. Rc6 Be5 36. Kg2 Kg7 37. Bb6 Kf6 38. h4 Nf8 39. h5 Ke7 40. Be3 f6 41. f4 Bb2 42. Kf3 Kd7 43. Bd2 Ke7 44. Ke3 Ra7 45. Kd3 Nd7 46. Be3 Nb8 47. Bxa7 Nxc6 48. dxc6 Kd8 49. Bb6+ Ke7 50. c7 gxf4 51. gxf4 Bc1 52. c8Q Bxf4 53. Be3 Bxe3 54. Kxe3 a5 55. Bg4 axb4 56. Qd7+ Kf8 57. Be6 1-0

[Event "Rome Elo op 3rd"]
[Site "Rome"]
[Date "2009.04.08"]
[Round "5"]
[White "Gerlando, Onofrio"]
[Black "Gamberale, Francesco"]
[Result "0-1"]
[WhiteElo "1668"]
[BlackElo "1425"]
[PlyCount "80"]
[EventDate "2009.03.11"]
[EventType "swiss"]
[EventRounds "6"]
[EventCountry "ITA"]
[SourceTitle "EXT 2011"]
[Source "ChessBase"]
[SourceDate "2010.11.26"]
[SourceVersion "1"]
[SourceVersionDate "2010.11.26"]
[SourceQuality "1"]

1. e4 c5 2. Nf3 d6 3. Bb5+ Nc6 4. d4 cxd4 5. Qxd4 a6 6. Bxc6+ bxc6 7. 0-0 Bb7 8. Nc3 e6 9. Be3 d5 10. Rad1 Qc7 11. e5 c5 12. Qg4 d4 13. Bxd4 cxd4 14. Rxd4 Ne7 15. Rfd1 Nd5 16. Rc4 Qa5 17. Ra4 Qb6 18. Nxd5 Bxd5 19. b3 Qc6 20. Nd4 Qc7 21. Qg3 g6 22. c4 Bc6 23. Nxc6 Qxc6 24. Qc3 Bc5 25. Kf1 0-0 26. Qa5 Bb6 27. Qe1 Qc5 28. Rc1 a5 29. a3 Qc7 30. f4 Qc5 31. g3 Qg1+ 32. Ke2 Qxh2+ 33. Kf3 Rfd8 34. Rc3 Rd2 35. c5 Bxc5 36. Rxc5 Rd3+ 37. Ke4 Rxb3 38. Rcxa5 Qc2+ 39. Kd4 Rd8+ 40. Rd5 Rxd5# 0-1

[Event "Rome Elo op 3rd"]
[Site "Rome"]
[Date "2009.03.11"]
[Round "1"]
[White "Giuliani, Sante"]
[Black "Gerlando, Onofrio"]
[Result "1-0"]
[WhiteElo "1935"]
[BlackElo "1668"]
[PlyCount "103"]
[EventDate "2009.03.11"]
[EventType "swiss"]
[EventRounds "6"]
[EventCountry "ITA"]
[SourceTitle "EXT 2011"]
[Source "ChessBase"]
[SourceDate "2010.11.26"]
[SourceVersion "1"]
[SourceVersionDate "2010.11.26"]
[SourceQuality "1"]

1. Nf3 Nc6 2. g3 e5 3. d3 Bc5 4. Bg2 Nge7 5. 0-0 d5 6. c3 Be6 7. b4 Bd6 8. Nbd2 a6 9. a4 Na7 10. e4 c6 11. Re1 Ng6 12. Nb3 0-0 13. Ng5 Qe7 14. Nxe6 Qxe6 15. exd5 cxd5 16. Be3 Nc6 17. Nc5 Bxc5 18. Bxc5 Rfd8 19. Qh5 Qf6 20. Ra2 Rab8 21. Bb6 Rd7 22. a5 Nce7 23. Bh3 Rbd8 24. Bxd8 Rxd8 25. Rae2 Qc6 26. Rc2 d4 27. Rec1 dxc3 28. Rxc3 Qb5 29. Qg4 f5 30. Qc4+ Qd5 31. Bg2 Qxc4 32. Rxc4 Rb8 33. Rc7 Kf8 34. Rxb7 Rd8 35. Rb6 Rxd3 36. Rxa6 e4 37. b5 Ne5 38. b6 N7c6 39. b7 Rb3 40. Raxc6 Rxb7 41. Rc8+ Ke7 42. R8c7+ Rxc7 43. Rxc7+ Kd6 44. Rxg7 h6 45. a6 Nc6 46. a7 Nxa7 47. Rxa7 Ke5 48. Rh7 f4 49. gxf4+ Kxf4 50. Rxh6 e3 51. fxe3+ Kxe3 52. Rf6 1-0

[Event "Rome Elo op 2nd"]
[Site "Rome"]
[Date "2009.02.25"]
[Round "7"]
[White "Capitani, Roberto"]
[Black "Gerlando, Onofrio"]
[Result "1/2-1/2"]
[WhiteElo "1606"]
[BlackElo "1668"]
[PlyCount "144"]
[EventDate "2009.01.14"]
[EventType "swiss"]
[EventRounds "7"]
[EventCountry "ITA"]
[SourceTitle "EXT 2011"]
[Source "ChessBase"]
[SourceDate "2010.11.26"]
[SourceVersion "1"]
[SourceVersionDate "2010.11.26"]
[SourceQuality "1"]

1. e4 c5 2. c3 Nc6 3. Nf3 e5 4. d4 cxd4 5. cxd4 Bb4+ 6. Bd2 exd4 7. Bxb4 Nxb4 8. Nxd4 Qa5 9. Nc3 Nf6 10. Bd3 a6 11. 0-0 0-0 12. Bb1 d6 13. a3 Nc6 14. Nxc6 bxc6 15. Qxd6 Bb7 16. Qg3 Rfe8 17. Qh4 Re5 18. f4 Qb6+ 19. Qf2 Qxf2+ 20. Rxf2 Re7 21. e5 Ng4 22. Rd2 c5 23. Be4 Bxe4 24. Nxe4 c4 25. Nd6 Rc7 26. Rc1 Rb8 27. h3 Nh6 28. Rxc4 Rxc4 29. Nxc4 Nf5 30. Rd7 Rc8 31. Ra7 h5 32. Nd6 Rc1+ 33. Kh2 Ne3 34. Ra8+ Kh7 35. Nxf7 Kg6 36. Ng5 Nf1+ 37. Kg1 Ng3+ 38. Kf2 Nh1+ 39. Ke2 Rc2+ 40. Kd3 Rxb2 41. Rxa6+ Kf5 42. Ke3 Rb3+ 43. Kd4 Kxf4 44. Ne6+ Kg3 45. Nxg7 Kxg2 46. e6 Rb7 47. Nxh5 Kxh3 48. Nf4+ Kg4 49. Nd5 Ng3 50. e7 Nf5+ 51. Ke5 Nxe7 52. Nxe7 Rxe7+ 53. Kd4 Kf4 54. Rf6+ Kg5 55. Rf2 Ra7 56. Ra2 Kf6 57. a4 Ke7 58. Kc5 Kd8 59. Kb6 Rh7 60. a5 Rh6+ 61. Kc5 Kc8 62. Kb5 Kb7 63. Kc5 Ka6 64. Kb4 Rh4+ 65. Kc3 Rg4 66. Kb3 Rh4 67. Ra4 Rh3+ 68. Kc2 Kb5 69. Ra1 Rh2+ 70. Kd3 Rh3+ 71. Ke4 Rh4+ 72. Kf5 Ka6 1/2-1/2

[Event "Rome Elo op 2nd"]
[Site "Rome"]
[Date "2009.01.14"]
[Round "1"]
[White "Gerlando, Onofrio"]
[Black "Di Mauro, Giuseppe"]
[Result "0-1"]
[WhiteElo "1668"]
[BlackElo "1943"]
[PlyCount "148"]
[EventDate "2009.01.14"]
[EventType "swiss"]
[EventRounds "7"]
[EventCountry "ITA"]
[SourceTitle "EXT 2011"]
[Source "ChessBase"]
[SourceDate "2010.11.26"]
[SourceVersion "1"]
[SourceVersionDate "2010.11.26"]
[SourceQuality "1"]

1. e4 e6 2. Nf3 d5 3. Bb5+ Bd7 4. Bd3 c5 5. b3 Nc6 6. c3 dxe4 7. Bxe4 Nf6 8. Qc2 Bd6 9. Na3 0-0 10. Nc4 Bb8 11. a4 Nxe4 12. Qxe4 f5 13. Qe3 Qe7 14. Ba3 b6 15. d4 f4 16. Qe4 Bc7 17. 0-0 Rae8 18. dxc5 bxc5 19. Nfe5 Nxe5 20. Nxe5 Bxe5 21. Qxe5 Rf5 22. Qc7 f3 23. g4 Qg5 24. Qg3 Rf6 25. Rfe1 h5 26. h3 hxg4 27. Bc1 Qd5 28. c4 Qd3 29. Bg5 Rf7 30. Re3 Qd4 31. Rae1 gxh3 32. Kh2 Ref8 33. Rg1 Rf5 34. Be7 R8f7 35. Bd6 Qf6 36. Be5 Qh6 37. Re4 Rxe5 38. Rxe5 Rf5 39. Re4 Bc6 40. Rg4 Rf7 41. Rg5 Be4 42. Rxc5 Qf4 43. Rc8+ Kh7 44. Qxf4 Rxf4 45. Rc7 Bf5 46. Rgxg7+ Kh6 47. Rxa7 Rd4 48. Rg8 Rd2 49. Kg3 Bc2 50. b4 Rd4 51. Rh8+ Kg6 52. Rh4 Rxh4 53. Kh2 Rxc4 54. b5 Rxa4 55. Rxa4 Bxa4 56. b6 Bc6 57. Kxh3 Kg5 58. Kg3 e5 59. Kh2 Kf4 60. Kg1 Ke4 61. Kf1 Kd3 62. Ke1 Kc4 63. Kd2 Kb5 64. Kc3 Kxb6 65. Kc4 e4 66. Kd4 Kb5 67. Ke3 Kc4 68. Kd2 Kd4 69. Ke1 e3 70. fxe3+ Kxe3 71. Kf1 Bb5+ 72. Kg1 f2+ 73. Kh2 f1Q 74. Kg3 Qg1+ 0-1